Kanun Prosedur Jenayah ( Akta 593 ) : (hingga 20hb Julai 2013)

Bibliographic Details
Format: Book
Language:English
Published: Petaling Jaya : International Law Book Services , 2013
Subjects:

MARC

LEADER 00000cam a2200000 7i4500
001 0000025476
005 20201016.0
008 130614 my # eng
020 |a 9789678923217 ,   |c 25.00 
040 |a INS 
090 0 0 |a KPG3794   |b M36 2013 
245 1 0 |a Kanun Prosedur Jenayah ( Akta 593 ) :   |b (hingga 20hb Julai 2013)   |c compiled by Legal Research Board 
260 |a Petaling Jaya :   |b International Law Book Services ,   |c 2013 
300 |a 374p. ;   |c 24cm. 
650 0 0 |a Criminal law   |z Malaysia 
650 0 0 |a Criminal procedure   |z Malaysia 
999 |a 1000001761   |b BOOK   |c Open Shelf   |e Default branch